Magyari Lajos Csoma Sándor naplója /

Elmentve itt :
Bibliográfiai részletek
Szerző: Cserhalmi Zsuzsa
További közreműködők: Magyari Lajos
Dokumentumtípus: Cikk
Megjelent: 1971
Sorozat:Tiszatáj 25 No. 8
Kulcsszavak:Magyar irodalom - Erdély - költészet - könyvismertetés, Kőrösi Csoma Sándor
Online Access:http://tiszataj.bibl.u-szeged.hu/6978
LEADER 00679nab a2200193 i 4500
001 tisza6978
005 20200330131935.0
008 170530s1971 hu o 0|| hun d
022 |a 0133-1167 
040 |a SZTE Tiszatáj Archívum  |b hun 
041 |a hun 
100 1 |a Cserhalmi Zsuzsa 
245 1 0 |a Magyari Lajos   |h [elektronikus dokumentum] :  |b Csoma Sándor naplója /  |c  Cserhalmi Zsuzsa 
260 |c 1971 
300 |a 768-769 
490 0 |a Tiszatáj  |v 25 No. 8 
695 |a Magyar irodalom - Erdély - költészet - könyvismertetés, Kőrösi Csoma Sándor 
700 0 1 |a Magyari Lajos 
856 4 0 |u http://tiszataj.bibl.u-szeged.hu/6978/1/tiszataj_1971_008_768-769.pdf  |z Dokumentum-elérés